000 00361nam a2200133Ia 4500
008 231129s9999||||xx |||||||||||||| ||spa||
020 _a84-8280-393-X
040 _bspa
082 _aI823 G796m
100 _aGreene Graham
245 0 _aEl ministerio del miedo
264 _aLa Oveja Negra-Seix Barral
942 _2ddc
_cBKS
999 _c11701
_d11701